Sir Frederick Pollock halála [gyászhír]
Elmentve itt :
| Dokumentumtípus: | Cikk |
|---|---|
| Megjelent: |
1937
|
| Sorozat: | Polgári jog : a hazai és külföldi magánjog és hiteljog szemléje
13 |
| Kulcsszavak: | Jogtudomány - angol - gyászhír, Pollock, Frederick |
| Online Access: | http://misc.bibl.u-szeged.hu/6302 |
| LEADER | 00602nab a2200157 i 4500 | ||
|---|---|---|---|
| 001 | misc6302 | ||
| 005 | 20191106142113.0 | ||
| 008 | 170607s1937 hu o 0|| hun d | ||
| 040 | |a SZTE Miscellanea Repozitórium |b hun | ||
| 041 | |a hun | ||
| 245 | 0 | 0 | |a Sir Frederick Pollock halála |h [elektronikus dokumentum] : |b [gyászhír] |
| 260 | |c 1937 | ||
| 300 | |a 128-129a | ||
| 490 | 0 | |a Polgári jog : a hazai és külföldi magánjog és hiteljog szemléje |v 13 | |
| 695 | |a Jogtudomány - angol - gyászhír, Pollock, Frederick | ||
| 856 | 4 | 0 | |u http://misc.bibl.u-szeged.hu/6302/1/polgari_jog_1937_128-129a.pdf |z Dokumentum-elérés |